<?xml version="1.0" encoding="UTF-8"?>
<record
    xmlns:xsi="http://www.w3.org/2001/XMLSchema-instance"
    xsi:schemaLocation="http://www.loc.gov/MARC21/slim http://www.loc.gov/standards/marcxml/schema/MARC21slim.xsd"
    xmlns="http://www.loc.gov/MARC21/slim">

  <leader>01907nam a22002897a 4500</leader>
  <controlfield tag="001">8109</controlfield>
  <controlfield tag="003">FISKH</controlfield>
  <controlfield tag="005">20250825151830.0</controlfield>
  <controlfield tag="008">250825b        cb ||||| |||| 00| 0 eng d</controlfield>
  <datafield tag="020" ind1=" " ind2=" ">
    <subfield code="a">9789995054328</subfield>
  </datafield>
  <datafield tag="040" ind1=" " ind2=" ">
    <subfield code="a">FISKH</subfield>
    <subfield code="b">khr</subfield>
    <subfield code="c">FISKH</subfield>
    <subfield code="d">FISKH</subfield>
  </datafield>
  <datafield tag="050" ind1=" " ind2=" ">
    <subfield code="a">PZ7</subfield>
  </datafield>
  <datafield tag="100" ind1=" " ind2=" ">
    <subfield code="a">Masoumbeiki, Setareh </subfield>
  </datafield>
  <datafield tag="245" ind1=" " ind2=" ">
    <subfield code="a">&#x1790;&#x17D2;&#x1784;&#x17C3;&#x178A;&#x17C2;&#x179B;&#x179F;&#x17B6;&#x179B;&#x17B6;&#x179A;&#x17C0;&#x1793;&#x17A0;&#x17C4;&#x17C7; /</subfield>
    <subfield code="c">By Setareh Moasoumbeiki , Drew McDowell and &#x1780;&#x17BC;&#x179C; &#x1780;&#x17BB;&#x179B;&#x1794;&#x17BB;&#x178F;&#x17D2;&#x179A;</subfield>
  </datafield>
  <datafield tag="260" ind1=" " ind2=" ">
    <subfield code="a">&#x1797;&#x17D2;&#x1793;&#x17C6;&#x1796;&#x17C1;&#x1789; :</subfield>
    <subfield code="b">&#x1780;&#x17D2;&#x179A;&#x17BB;&#x1798;&#x1794;&#x17C4;&#x17C7;&#x1796;&#x17BB;&#x1798;&#x17D2;&#x1796;&#x1795;&#x17D2;&#x179F;&#x17B6;&#x1799; &#x179F;&#x17CA;&#x17B8;&#x1794;&#x17C9;&#x17B6; Editions SIPAR , </subfield>
    <subfield code="c">2010&#x200B;.</subfield>
  </datafield>
  <datafield tag="300" ind1=" " ind2=" ">
    <subfield code="a">24 pages : </subfield>
    <subfield code="b">color illustrations ;</subfield>
    <subfield code="c">25 cm . </subfield>
  </datafield>
  <datafield tag="505" ind1=" " ind2=" ">
    <subfield code="a">K 
</subfield>
  </datafield>
  <datafield tag="520" ind1=" " ind2=" ">
    <subfield code="a">&#x179F;&#x17B6;&#x179B;&#x17B6;&#x179A;&#x17C0;&#x1793;&#x1798;&#x17BD;&#x1799;&#x178A;&#x17C2;&#x179B;&#x1785;&#x17C1;&#x17C7;&#x17A0;&#x17C4;&#x17C7;&#x17A0;&#x17BE;&#x179A;&#x17D4; &#x1794;&#x17CA;&#x17B7;&#x1785;&#x179C;&#x17C1;&#x1791;&#x1798;&#x1793;&#x17D2;&#x178F;&#x178A;&#x17C2;&#x179B;&#x1792;&#x17D2;&#x179C;&#x17BE;&#x17A2;&#x17C4;&#x1799;&#x1780;&#x17D2;&#x178F;&#x17B8;&#x179F;&#x17BB;&#x1794;&#x17B7;&#x1793;&#x17D2;&#x178F;&#x179A;&#x1794;&#x179F;&#x17CB;&#x1780;&#x17BB;&#x1798;&#x17B6;&#x179A;&#x1780;&#x17D2;&#x179B;&#x17B6;&#x1799;&#x1787;&#x17B6;&#x1780;&#x17B6;&#x179A;&#x1796;&#x17B7;&#x178F;&#x17D4; &#x1787;&#x17D0;&#x179A;&#x179B;&#x17BB;&#x1794;&#x179C;&#x17C1;&#x1791;&#x1798;&#x1793;&#x17D2;&#x178F;&#x178A;&#x17C2;&#x179B;&#x17A2;&#x17B6;&#x1785;&#x179B;&#x17BB;&#x1794;&#x1794;&#x17C6;&#x1794;&#x17B6;&#x178F;&#x17CB;&#x1787;&#x1798;&#x17D2;&#x179B;&#x17C4;&#x17C7;&#x17D4; &#x178A;&#x17C6;&#x178E;&#x17BE;&#x179A;&#x1795;&#x17D2;&#x179F;&#x1784;&#x1796;&#x17D2;&#x179A;&#x17C1;&#x1784;&#x179C;&#x17C1;&#x1791;&#x1798;&#x1793;&#x17D2;&#x178F;&#x1798;&#x17BD;&#x1799; &#x178A;&#x17C2;&#x179B;&#x1780;&#x17BB;&#x1798;&#x17B6;&#x179A;&#x178F;&#x17D2;&#x179A;&#x17BC;&#x179C;&#x1794;&#x17B6;&#x1793;&#x179F;&#x17D2;&#x179A;&#x1798;&#x17BE;&#x179F;&#x17D2;&#x179A;&#x1798;&#x17C3;&#x17A1;&#x17BE;&#x1784; &#x178A;&#x17BE;&#x1798;&#x17D2;&#x1794;&#x17B8;&#x1797;&#x17D2;&#x179B;&#x17C1;&#x1785;&#x1796;&#x17B8;&#x17A2;&#x17B6;&#x179A;&#x1798;&#x17D2;&#x1798;&#x178E;&#x17CD;&#x179B;&#x17C6;&#x1794;&#x17B6;&#x1780;&#x1780;&#x17D2;&#x1793;&#x17BB;&#x1784;&#x1787;&#x17B8;&#x179C;&#x17B7;&#x178F;&#x1794;&#x17D2;&#x179A;&#x1785;&#x17B6;&#x17C6;&#x1790;&#x17D2;&#x1784;&#x17C3;&#x179A;&#x1794;&#x179F;&#x17CB;&#x1796;&#x17BD;&#x1780;&#x1782;&#x17C1;&#x17D4;</subfield>
  </datafield>
  <datafield tag="520" ind1=" " ind2=" ">
    <subfield code="a">A flying school. Magical pens making the children's dreams become true. An earaser easing conflicts. A magical adventure imagined by children to forget their difficult situation of daily life.</subfield>
  </datafield>
  <datafield tag="521" ind1="8" ind2=" ">
    <subfield code="a">510 

</subfield>
    <subfield code="b">Lexile estimate 
</subfield>
  </datafield>
  <datafield tag="521" ind1="8" ind2=" ">
    <subfield code="a">K 
</subfield>
    <subfield code="b">Raz-Plus 
</subfield>
  </datafield>
  <datafield tag="650" ind1=" " ind2=" ">
    <subfield code="a">&#x1790;&#x17D2;&#x1784;&#x17C3;&#x178A;&#x17C2;&#x179B;&#x179F;&#x17B6;&#x179B;&#x17B6;&#x179A;&#x17C0;&#x1793;&#x17A0;&#x17C4;&#x17C7;</subfield>
    <subfield code="v">&#x179A;&#x17BF;&#x1784;&#x1793;&#x17B7;&#x1791;&#x17B6;&#x1793;&#x1780;&#x17BB;&#x1798;&#x17B6;&#x179A; </subfield>
  </datafield>
  <datafield tag="650" ind1=" " ind2=" ">
    <subfield code="a">Day school can fly</subfield>
    <subfield code="v">Children's Stories </subfield>
  </datafield>
  <datafield tag="700" ind1=" " ind2=" ">
    <subfield code="a">Pisal, Ky</subfield>
    <subfield code="e">Illustration</subfield>
  </datafield>
  <datafield tag="942" ind1=" " ind2=" ">
    <subfield code="2">ddc</subfield>
    <subfield code="c">KHB</subfield>
    <subfield code="n">0</subfield>
  </datafield>
  <datafield tag="999" ind1=" " ind2=" ">
    <subfield code="c">8109</subfield>
    <subfield code="d">8109</subfield>
  </datafield>
  <datafield tag="952" ind1=" " ind2=" ">
    <subfield code="0">0</subfield>
    <subfield code="1">0</subfield>
    <subfield code="2">ddc</subfield>
    <subfield code="4">0</subfield>
    <subfield code="7">0</subfield>
    <subfield code="8">KH</subfield>
    <subfield code="a">002</subfield>
    <subfield code="b">002</subfield>
    <subfield code="c">TTP Khmer</subfield>
    <subfield code="d">2025-08-25</subfield>
    <subfield code="l">0</subfield>
    <subfield code="o">MAS PZ7</subfield>
    <subfield code="p">2025-4234</subfield>
    <subfield code="r">2025-08-25 15:18:25</subfield>
    <subfield code="w">2025-08-25</subfield>
    <subfield code="y">KHB</subfield>
  </datafield>
</record>
